00637 2200241 4500001002100000005001500021035002000036245007100056100001200127250000600139300003500145700001800180260004700198082001300245084001900258020002200277650001100299990001700310990001700327990001700344990001700361990001700378INLIS00000000000006220180811124046 a0010-08180000261 aThaharah dan Shalat Bagi Musafir /cHidayat; Editor, Maman Rohiman0 aHidayat a- aiv, 51 hlm. :bilus. ;c21 cm.0 aMaman Rohiman aBandung :bPT Imperial Bhakti Utama,c2009 a297.3822 a297.3822 HID t a978-602-831-832-7 aShalat a00259/P/2018 a00260/P/2018 a00261/P/2018 a00262/P/2018 a00263/P/2018